Loading...
Science - Physics | 0 | 7 | 2 | 2 | 60 | 77 | 99.86 | 3 | 7 |
Science - Chemistry | 0 | 5 | 0 | 0 | 50 | 73 | 101.60 | 1 | 5 |
Science - Other Science | 0 | 5 | 1 | 1 | 45 | 81 | 102.40 | 1 | 5 |
Literature - American Literature | 0 | 3 | 1 | 0 | 25 | 52 | 68.00 | 2 | 3 |
Social Science | 0 | 2 | 0 | 1 | 20 | 87 | 97.00 | 0 | 1 |
Mythology | 0 | 2 | 1 | 0 | 15 | 66 | 87.50 | 1 | 2 |
Science - Biology | 0 | 2 | 1 | 0 | 15 | 61 | 81.00 | 1 | 2 |
History - World History | 0 | 2 | 1 | 0 | 15 | 82 | 82.50 | 2 | 2 |
Literature - European Literature | 0 | 2 | 1 | 0 | 15 | 74 | 89.50 | 1 | 2 |
Literature - World Literature | 0 | 1 | 0 | 0 | 10 | 68 | 68.00 | 1 | 1 |
History - European History | 0 | 1 | 0 | 1 | 10 | 103 | 103.00 | 0 | 1 |
History - Other History | 0 | 1 | 0 | 0 | 10 | 117 | 117.00 | 0 | 1 |
Religion | 0 | 1 | 0 | 0 | 10 | 101 | 101.00 | 0 | 1 |
Current Events | 0 | 0 | 1 | 0 | -5 | 0.00 | 0 | 0 | |
Fine Arts - Painting and Sculpture | 0 | 0 | 1 | 0 | -5 | 0.00 | 0 | 0 |